| 000 -CABECERA |
| campo de control de longitud fija |
01065cam a22002171 4500 |
| 001 - NÚMERO DE CONTROL |
| campo de control |
14671798 |
| 003 - IDENTIFICADOR DEL NÚMERO DE CONTROL |
| campo de control |
OSt |
| 005 - FECHA Y HORA DE LA ÚLTIMA TRANSACCIÓN |
| campo de control |
20210304165436.0 |
| 008 - DATOS DE LONGITUD FIJA--INFORMACIÓN GENERAL |
| campo de control de longitud fija |
061215s1951 pe a 000 0 spa |
| 010 ## - NÚMERO DE CONTROL DE LA BIBLIOTECA DEL CONGRESO |
| Número de control de LC |
54036519 |
| 040 ## - FUENTE DE LA CATALOGACIÓN |
| Centro catalogador/agencia de origen |
CENDOC CAAAP |
| Lengua de catalogación |
spa |
| Centro/agencia transcriptor |
CAAAP |
| 050 ## - SIGNATURA TOPOGRÁFICA DE LA BIBLIOTECA DEL CONGRESO |
| Número de clasificación |
FP |
| Número de documento/Ítem |
23 B88 |
| 100 ## - ENTRADA PRINCIPAL--NOMBRE DE PERSONA |
| Nombre de persona |
Bueno, Cosme |
| Fechas asociadas al nombre |
1711-1798 |
| 9 (RLIN) |
1476 |
| 245 10 - MENCIÓN DE TÍTULO |
| Título |
Geografía del Perú virreinal ; |
| Resto del título |
siglo XVIII. |
| Mención de responsabilidad, etc. |
Publicado por Daniel Valcárcel. |
| 260 ## - PUBLICACIÓN, DISTRIBUCIÓN, ETC. |
| Lugar de publicación, distribución, etc. |
Lima : |
| Nombre del editor, distribuidor, etc. |
[s.n.], |
| Fecha de publicación, distribución, etc. |
1951. |
| 300 ## - DESCRIPCIÓN FÍSICA |
| Extensión |
140 p.: |
| Otras características físicas |
il., |
| Dimensiones |
25 cm. |
| 505 ## - NOTA DE CONTENIDO CON FORMATO |
| Nota de contenido con formato |
Descripción de las provincias pertenecientes al Arzobispado de Lima -- Descripción de las provincias pertenecientes al Obispado de Trujillo -- Descripción de las provincias pertenecientes al Obispado de Huamanga -- Descripción de las provincias pertenecientes al Obispado de Arequipa -- Descripción de las provincias pertenecientes al Obispado del Cusco -- Descripción de las provincias pertenecientes al Obispado de La Paz. |
| 651 #0 - PUNTO DE ACCESO ADICIONAL DE MATERIA--NOMBRE GEOGRÁFICO |
| Nombre geográfico |
Perú |
| Subdivisión general |
Descripciones y viajes |
| 9 (RLIN) |
687 |
| 700 1# - PUNTO DE ACCESO ADICIONAL--NOMBRE DE PERSONA |
| Nombre de persona |
Valcárcel, Carlos Daniel |
| Fechas asociadas al nombre |
1911- |
| 9 (RLIN) |
1477 |
| 942 ## - ELEMENTOS DE PUNTO DE ACCESO ADICIONAL (KOHA) |
| Fuente del sistema de clasificación o colocación |
|
| Tipo de ítem Koha |
Libros |